| 000 | 00721cas a22002174i 4500 | ||
|---|---|---|---|
| 999 |
_c57477 _d57477 |
||
| 001 | 768714001 | ||
| 003 | CO-MdFUSB | ||
| 005 | 20180525102936.0 | ||
| 008 | 180525s1998 xxu||||| |||| 00| 0 eng d | ||
| 022 | _a1023-7380 | ||
| 040 |
_aCO-MdFUSB _bspa _cCO-MdFUSB _dCO-MdFUSB |
||
| 041 | _aeng | ||
| 100 | 1 |
_aFjeldstad, Arne H. _eautor |
|
| 242 | 1 | 0 |
_aEncargado para el internet : _bSe busca evangelistas por internet |
| 245 | 1 | 0 |
_aCommissioned to the internet _bwanted internet evangelists |
| 300 |
_aNúmero 82 (1998) página 8 _c: 30 cm |
||
| 546 | _aTexto inglés | ||
| 650 | 0 |
_91074 _aComunicación interpersonal |
|
| 773 | 0 |
_tWorld Evangelization _049484 _961034 _gNúmero 82 (1998) página 8 _qPágina 8 |
|
| 942 | _cANA | ||